| 000 | 00741nam a2200217Ia 4500 | ||
|---|---|---|---|
| 005 | 20230209144944.0 | ||
| 008 | 210716s2004 xx 000 0 und d | ||
| 020 | _a8129703149 | ||
| 040 | _cAIMIT LIBRARY | ||
| 041 | _aeng | ||
| 082 |
_a004.65 _21 _bSCHM |
||
| 100 |
_aSchwartz, Mischa. _971691 |
||
| 245 |
_aTelecommunication networks: _bprotocols modeling and analysis / _cBy Mischa Schwartz |
||
| 250 | _a1st ed. | ||
| 260 |
_aNew Delhi : _bPearson Education , _c2004. |
||
| 300 |
_axiii,749p. ; _c24 cm. |
||
| 650 |
_aIntroduction to queueing theory _971692 |
||
| 650 |
_aLayered architectures in data networks _971693 |
||
| 650 |
_aCall processig in digital circuit switching systems _971694 |
||
| 942 |
_2ddc _cBK _e1st _k004.65 SCHM |
||
| 999 |
_c186140 _d186140 |
||